[Event "Copenhagen IM (Politiken Cup-05)"]
[Site "Copenhagen"]
[Date "1983.10.14"]
[Round "1"]
[White "Iskov, Gert"]
[Black "Kudrin, Sergey"]
[Result "1-0"]
[WhiteElo "2360"]
[BlackElo "2505"]
[Annotator "ChessBase"]
[PlyCount "107"]
[EventDate "1983.10.14"]
[EventType "tourn"]
[EventRounds "9"]
[EventCountry "DEN"]
[SourceTitle "MCL"]
[Source "ChessBase"]
[SourceDate "1999.07.01"]
[SourceVersion "1"]
[SourceVersionDate "1999.07.01"]
[SourceQuality "1"]

1. e4 c5 2. Nf3 d6 3. d4 cxd4 4. Nxd4 Nf6 5. Nc3 g6 6. Bc4 Bg7 7. h3 O-O 8. Bb3
a6 (8... Nc6 9. Be3 Na5 10. O-O b6 $1 11. Qd3 Bb7 12. f4 $6 Rc8 13. Rae1 Rxc3
14. Qxc3 Nxe4 15. Qd3 Nxb3 16. axb3 e5 17. Ne2 Qa8 $17) 9. O-O b5 10. Re1 Bb7
11. a4 $1 bxa4 (11... b4 12. Nd5) 12. Bxa4 e6 13. Bg5 Nbd7 14. Qd2 Qc7 15. Bxd7
Nxd7 16. Bh6 Bxh6 17. Qxh6 Ne5 18. Rad1 Nc4 19. Na4 e5 $6 20. Nf3 f6 21. b3 Bc6
22. Nc3 Nb6 23. Rd3 $1 Rad8 24. Red1 Rd7 25. Qd2 Rfd8 26. Nh2 f5 $1 27. exf5
gxf5 28. Qh6 Nc8 $6 (28... Rg7 29. Rxd6 $1 Rxd6 30. Qxd6 Bxg2 (30... Rxg2+ 31.
Kf1 Qxd6 32. Rxd6 Rxh2 33. Rxc6 $14) 31. Qxc7 Rxc7 32. Kxg2 Rxc3 33. Rd6 Nc8
34. Rxa6 Rxc2 35. Ra5 $14) 29. Qe6+ Rf7 30. Nd5 $5 Bxd5 31. Rg3+ Kf8 32. Rxd5
Qxc2 33. Nf3 Qc1+ 34. Kh2 Re8 $1 35. Rg8+ Kxg8 36. Qxe8+ Rf8 37. Qe6+ Kg7 38.
g3 Rf6 39. Qd7+ Rf7 40. Qd8 Qc7 $4 (40... Qc6 $1 41. Qg5+ Kh8 (41... Kf8 $2 42.
Qh6+ Kg8 43. Rxe5 $1 Qxf3 $2 44. Re8+ $18) 42. Qd8+ $10 (42. Rd3 Qc5 (42... e4
$2 43. Ne5 $1) 43. Qd2)) 41. Qg5+ Kh8 (41... Kf8) 42. Nxe5 $1 {/\ 42...dxe5 43.
Rd8} Rf8 (42... Rg7 43. Qf6 Qe7 44. Qxf5 Nb6 45. Nc6 $16) 43. Nd3 Qc2 $5 44.
Rxf5 Rxf5 45. Qxf5 Kg7 46. Kg2 Ne7 47. Qe4 Kf6 $1 48. Qd4+ Ke6 49. Qe3+ Kf7 50.
Nb4 Qc8 51. Qa7 $1 Ke6 52. Nxa6 Nd5 $1 53. Qxh7 $1 Nf6 (53... Qxa6 54. Qe4+)
54. Nc7+ (54. Nc7+ Ke5 55. Qe7+ {/\ Qxd6}) 1-0

[Event "Interzonal-15"]
[Site "Manila"]
[Date "1990.??.??"]
[Round "7"]
[White "Rechlis, Gad"]
[Black "Rachels, Stuart"]
[Result "1-0"]
[WhiteElo "2505"]
[BlackElo "2475"]
[Annotator "ChessBase"]
[PlyCount "79"]
[EventDate "1990.06.29"]
[EventType "swiss"]
[EventRounds "13"]
[EventCountry "PHI"]
[SourceTitle "CBM 019"]
[Source "ChessBase"]
[SourceDate "1990.12.01"]
[SourceVersion "1"]
[SourceVersionDate "1990.12.01"]
[SourceQuality "1"]

1. e4 c5 2. Nf3 Nc6 3. d4 cxd4 4. Nxd4 Nf6 5. Nc3 d6 6. g3 g6 7. Nde2 Bd7 8.
Bg2 Qc8 9. h3 $1 Bg7 10. a4 O-O 11. Be3 (11. Nd5 $5 $14) 11... Rd8 12. Qd2 Nb4
13. Rc1 Bc6 14. O-O d5 15. e5 d4 16. Bxd4 Bxg2 17. Kxg2 Nc6 18. Qe3 (18. f4 $1
$16) 18... Nxd4 19. Nxd4 Nd5 20. Nxd5 Rxd5 21. Nf3 (21. f4 Qc4) 21... Qc5 (
21... Qc6 22. Qe4 $1 Bxe5 23. c4 $1 $18) 22. Qxc5 Rxc5 23. c4 Rac8 24. b3 a6
25. Rfe1 b5 26. axb5 axb5 27. Re4 e6 28. Kf1 Ra8 29. b4 Rxc4 30. Rexc4 bxc4 31.
Rxc4 Ra1+ 32. Ke2 Ra2+ $4 (32... Rb1 $1 $10) 33. Kd3 Rxf2 34. Rc8+ $1 $18 Bf8
35. Nd2 Rg2 (35... Rf5 36. Ke4 Rf2 37. Ke3 Rf5 38. Nf3 $18) 36. b5 Rxg3+ 37.
Kc2 Ra3 38. b6 Ra2+ 39. Kc1 Ra1+ 40. Nb1 1-0

[Event "Abu Dhabi op 26th"]
[Site "Abu Dhabi"]
[Date "2019.08.04"]
[Round "4"]
[White "Jobava, Baadur"]
[Black "Indjic, Aleksandar"]
[Result "1-0"]
[WhiteElo "2584"]
[BlackElo "2617"]
[Annotator "Cmiel,Thorsten "]
[PlyCount "89"]
[EventDate "2019.08.02"]
[EventType "swiss"]
[EventRounds "9"]
[EventCountry "UAE"]
[SourceTitle "CBM 191 Extra"]
[Source "ChessBase"]
[SourceDate "2019.09.30"]
[SourceVersion "1"]
[SourceVersionDate "2019.09.30"]
[SourceQuality "1"]

{[%evp 17,89,-32,13,-6,21,-7,12,-12,30,10,24,-7,20,-20,27,12,27,-19,0,-30,33,0,
0,-56,-20,-86,17,6,17,0,27,-52,-32,-59,62,-86,10,-2,48,0,47,34,53,0,8,0,124,66,
141,72,227,206,535,535,751,746,748,748,740,740,742,745,736,740,800,801,29988,
29989,29989,29990,29990,29982,29991,29980]} 1. e4 c5 2. Nc3 Nc6 3. Nge2 g6 4.
d4 cxd4 5. Nxd4 Bg7 6. Nb3 Nf6 7. Be2 d6 8. O-O O-O 9. Re1 b6 {9...Le6, 9...a6
und 9...a5 werden hier häufiger gespielt.} 10. Bg5 {Dieser Zug ist
charakteristisch für diese nach Karpov benannte Bekämpfungsmethode der
Drachen-Variante. Weiß plant mit Sd5 einen weiteren raumgreifenden Zug zu
machen. Nach Schlagen dort wäre der Turm auf e1, der bislang die Aufgabe hat,
den Bauern e4 zu decken, sehr gut postiert.} (10. Bf1 Bb7 11. Bg5 Rc8 12. Nd5
e6 13. Nc3 a6 14. Qd2 b5 15. Rad1 Ne5 16. f3 Nc4 17. Bxc4 bxc4 18. Nc1 Qb6+ 19.
Be3 Qxb2 20. N1e2 {war ungefähr ausgelichen in Ganguly,S (2657) -Shankland,S 
(2668) Saint Louis 2018, 0-1 (62).}) 10... Bb7 11. Qd2 Rc8 12. Bh6 $146 ({
Vorgänger:} 12. Bf1 Ne5 13. Nd5 e6 14. Nxf6+ Bxf6 15. Bxf6 Qxf6 16. c3 d5 17.
exd5 Bxd5 {1/2-1/2 (53) Varacalli,F (2316)-Perez Ponsa,F (2547) Villa Martelli
2018}) 12... Ne5 {Nach zwanzigminütigem Nachdenken gespielt.} 13. Bxg7 Kxg7
14. Qd4 Nc6 15. Qe3 e6 ({Nach Tausch des schwarzfeldrigen Läufers kam hier
der Najdorf-Zug in Betracht.} 15... e5 $5) 16. Rad1 Qe7 17. Qc1 {[#]Die
entstandene Stellung sollte etwa ausgeglichen sein. Der Bauer auf d6 ist der
einzige Schwachpunkt im Lager des Nachziehenden. Schwarz hingegen kann auf
typisches Gegenspiel auf der c-Linie hoffen.} Rfd8 18. Rd3 $5 {Ein kreatives
Manöver, typisch für den Spielstil des Georgiers.} Ba6 {Vielleicht etwas zu
riskant gespielt.} (18... Ne5 19. Rh3 h5) 19. Rh3 Bxe2 20. Rxe2 ({Besser war
es, sofort auf h6 ein Zwischenschach zu geben, um die folgende Antwort des
Gegners zu entkräften.} 20. Qh6+ $11 Kg8 21. Rxe2) 20... h5 21. f4 $6 (21. Rd3
$5) 21... Ng4 (21... Qb7 $1 {Dieser Zug bereitet den Vormarsch des b-Bauern
vor und war vorzuziehen. In der Partie benötigte das zeitraubende
Vorbereitung mit a6.}) 22. Rf3 a6 23. h3 Nf6 24. Qe1 ({Eine aggressivere
Spielweise bestand in dem Vormarsch des f-Bauern.} 24. f5 $5 Ne5 25. Rf1 b5 26.
a3) 24... b5 25. Kh1 Rc7 $6 {Dieser Zug verstellt die Dame und ist aus
taktischen Gründen falsch.} 26. Qf2 $6 (26. Nd5 $1) 26... Re8 (26... b4 $142
$1 27. Na4 d5 28. exd5 Rxd5 {und der Nachziehende steht ausgezeichnet.}) 27. a3
Rh8 $6 {Schwarz will mit h4 und Sh5 fortsetzen. Dieser Plan erweist sich
allerdings als nicht sonderlich effektiv.} 28. Rd3 h4 29. Red2 $1 a5 30. Qe3 a4
31. Nd4 $36 Na5 ({Vorsichtiger war:} 31... Nxd4 32. Rxd4 d5) 32. b3 (32. Rd1
$142 $1) 32... axb3 33. cxb3 Rb7 $2 (33... Nc4 34. bxc4 bxc4 35. Nxe6+ fxe6 36.
Rxd6 {war ebenfalls vorteilhaft für den Georgier.}) 34. Ncxb5 e5 (34... d5 35.
e5 Ne4 36. Rc2) 35. fxe5 $1 dxe5 {[#]Es folgt eine gefällige Schlussoffensive.
} 36. Nf5+ $1 gxf5 37. Qg5+ Kf8 {[#]} 38. Rd8+ $1 Ne8 {[#]} 39. Rxe8+ $1 Qxe8 {
[#]} (39... Kxe8 40. Qg7 $1) 40. Qf6 $1 Rg8 41. Rd8 Rxb5 42. Qh6+ Rg7 43. Qd6+
Kg8 44. Rxe8+ Kh7 45. Qd7 {Die Doppeldrohung gegen den Turm und den Bauern f5
entscheidet.} 1-0

[Event "Jakarta"]
[Site "Jakarta"]
[Date "1994.??.??"]
[Round "2"]
[White "Xie, Jun"]
[Black "Serper, Grigory"]
[Result "1-0"]
[WhiteElo "2515"]
[BlackElo "2560"]
[Annotator "Donev,I"]
[PlyCount "69"]
[EventDate "1994.04.??"]
[EventType "tourn"]
[EventRounds "13"]
[EventCountry "INA"]
[EventCategory "10"]
[SourceTitle "CBM 041"]
[Source "ChessBase"]
[SourceDate "1994.08.01"]
[SourceVersion "1"]
[SourceVersionDate "1994.08.01"]
[SourceQuality "1"]

1. e4 {Kortschnoj} c5 2. Nf3 d6 3. d4 cxd4 4. Nxd4 Nf6 5. Nc3 Nc6 6. Be2 g6 7.
Nb3 Bg7 8. O-O O-O 9. Bg5 a6 10. f4 (10. a4 Be6 11. f4 b5 12. axb5 Qb6+ $1 13.
Kh1 axb5 14. Rxa8 Rxa8 15. Bxb5 Nxe4 $1 $15) 10... b5 11. Bf3 Bb7 (11... b4 12.
Nd5 (12. e5 bxc3 13. exf6 exf6 $1 14. Bxc6 cxb2 15. Rb1 (15. Bxa8 bxa1=Q 16.
Nxa1 fxg5 $17) 15... Qb6+ $17) (12. Na4 $142 {/\c4}) 12... Nxd5 13. exd5 Na5
14. Nxa5 (14. Nd4 Qb6 15. c3 Nc4 $15) 14... Qxa5 15. Qc1 Ra7 $1 $15 {Donev,
I-Novkovic,M Dornbirn 1991}) 12. Nd5 Nd7 (12... Nxd5 13. exd5 Nb8 (13... Na5 {
Kortschnoj} 14. c3 Nxb3 15. axb3 b4 $13) 14. c3 Nd7 15. Re1 Re8 16. Re2 $14 {
/\Qe1}) 13. c3 Re8 (13... Nb6 14. Na5 Nxd5 15. Nxc6 (15. Nxb7 $2 Qb6+ $17)
15... Bxc6 16. exd5 Bb7 $10) 14. Kh1 a5 15. Qd2 (15. a3 $5 a4 16. Nc1 $14 {
/\Nd3}) 15... a4 16. Nc1 (16. Nd4 {Kortschnoj} Nxd4 17. cxd4 Nb6 $10) 16... a3
17. Nd3 (17. b4 $5 {Kortschnoj}) 17... axb2 18. Qxb2 $10 {><a2,c3} Qc8 19. Rac1
(19. Qxb5 {Kortschnoj} e6 $13) 19... e6 20. Ne3 Nf6 (20... Qc7 $5 {Kortschnoj})
21. Qf2 (21. Qxb5 Rxa2 $13) 21... h6 (21... Qc7 {Kortschnoj} 22. Qh4 Nd7 23.
Ng4 Rxa2 24. f5 $44) 22. Bxf6 Bxf6 23. e5 $1 Bg7 (23... dxe5 24. Bxc6 Qxc6 25.
fxe5 $14) 24. c4 (24. exd6 {Kortschnoj} Rd8 25. c4 $16) 24... Nd4 $6 (24... b4
25. exd6 Bd4 $44 {/\Ra3}) 25. cxb5 Qb8 26. Bxb7 Qxb7 27. b6 $1 Qe4 (27... Qxb6
28. Nc4 Qa7 29. Nxd6 Red8 30. a4 $14) 28. Rfd1 dxe5 (28... Ra3 $142) (28... Ra3
{Kortschnoj} 29. Nc4 Rxd3 30. Nxd6 $18) 29. fxe5 (29. Nxe5 $5) 29... Nf5 (29...
Bxe5 $2 30. Nxe5 Qxe5 31. Ng4 Qe2 32. Qxd4 $18) 30. Nxf5 exf5 $16 31. Nc5 Qxe5
32. b7 Rad8 33. Rxd8 Rxd8 34. Na6 Kh7 35. Rb1 $138 1-0

[Event "Odorheiu Secuiesc zt"]
[Site "Odorheiu Secuiesc"]
[Date "1995.??.??"]
[Round "8"]
[White "Ninov, Nikolai"]
[Black "Georgiev, Kiril"]
[Result "0-1"]
[WhiteElo "2435"]
[BlackElo "2625"]
[Annotator "Donev,I"]
[PlyCount "52"]
[EventDate "1995.03.??"]
[EventType "swiss"]
[EventRounds "9"]
[EventCountry "ROU"]
[SourceTitle "CBM 047"]
[Source "ChessBase"]
[SourceDate "1995.08.01"]
[SourceVersion "1"]
[SourceVersionDate "1995.08.01"]
[SourceQuality "1"]

1. e4 c5 2. Nf3 d6 3. d4 cxd4 4. Nxd4 Nf6 5. Nc3 a6 6. Be2 g6 7. Be3 Bg7 8. Qd2
Nbd7 (8... Nc6 9. O-O-O Nxd4 10. Bxd4 Be6 11. g4 h6 12. h4 Qa5 13. Qe3 Rc8 $132
14. Bb6 Rxc3 $1 15. Bxa5 Rxe3 16. fxe3 Bxg4 $15) 9. Bh6 Bxh6 (9... O-O 10. Bxg7
Kxg7 11. h4 $40) 10. Qxh6 b5 (10... Qb6 11. O-O-O e5 12. Nb3 $16 Qxf2 13. Rdf1
$1 (13. Rhf1 Qxg2) 13... Qb6 (13... Qxg2 14. Rhg1 Ng8 15. Qg7 $18) 14. Rxf6
Nxf6 15. Qg7 $18) (10... Ne5 11. h3 Qb6 12. O-O-O Bd7 $13 {/\0-0-0}) 11. O-O-O
Bb7 12. Rhe1 Rc8 13. Nd5 (13. f4) 13... e5 (13... Qa5) 14. Nxf6+ $2 (14. Nb3 $5
Nxe4 15. Bxb5 axb5 16. Rxe4 $10) 14... Qxf6 15. Bg4 $2 (15. Bf3 exd4 16. e5
dxe5 17. Bxb7 $13) 15... exd4 16. e5 dxe5 17. Rxd4 Rc7 18. f4 (18. Rf4 Qd6 19.
Qg7 Rf8 20. Bxd7+ Rxd7 $17) 18... Kd8 $1 $17 (18... e4 $6 19. Red1 Bc8 (19...
Nc5 20. Rd6 Ne6 21. f5 $1 $40) 20. Rxe4+ $132) 19. fxe5 Qf2 20. Qg5+ Kc8 21.
Bxd7+ Rxd7 22. Rxd7 Qxe1+ 23. Rd1 Qf2 24. Qe7 Kb8 25. Rd7 Qe3+ 26. Kd1 Qg1+ 0-1

[Event "Dubai op"]
[Site "Dubai"]
[Date "2000.05.07"]
[Round "9"]
[White "Ermenkov, Evgenij"]
[Black "Kharlov, Andrei"]
[Result "1-0"]
[WhiteElo "2449"]
[BlackElo "2616"]
[Annotator "Ermenkov,E"]
[PlyCount "87"]
[EventDate "2000.04.28"]
[EventType "swiss"]
[EventRounds "9"]
[EventCountry "UAE"]
[SourceTitle "EXT 2001"]
[Source "ChessBase"]
[SourceDate "2000.11.22"]
[SourceVersion "1"]
[SourceVersionDate "2000.11.22"]
[SourceQuality "1"]

1. e4 c5 2. Nc3 {It is a good idea to apply the "Anti-Sveshnikov" move order
against people who have something to do with the city of Chelyabinsk...} Nc6 3.
Nge2 d6 (3... e5 4. Nd5 Nge7 5. Nec3 {followed by 6.Bc4 with a small edge for
White.}) (3... Nf6 4. g3 {threatening 5.d4 and thus avoiding the Sveshnikov
variation.}) 4. d4 cxd4 5. Nxd4 Nf6 6. Be2 {Of course the best move here is 6.
Bg5 but in this absolutely decisive last round game I had in mind much more to
try to play chess instead of comparing theoretical knowledge in 30 moves
variations in the Rauzer system.} g6 7. Nb3 Bg7 8. O-O O-O 9. Re1 {I have
played this position numerous times with White and Black as well (of course
with one tempo deficit from the English opening.)} a5 {I met this move for the
first time in this game.} ({An instructive example of} 9... Be6 {is my game
with White against G. West, Novi Sad Olympiad, 1990:} 10. Bf1 a5 11. a4 Bxb3
12. cxb3 Nd7 13. Be3 Nc5 14. f3 Rc8 15. Bf2 Nb4 16. Bc4 e6 17. Re2 Qe7 18. Rd2
Rfd8 19. Qe2 {with a great advantage for White. The readers will grasp the
importance of this example , in connection with the present game, very soon.
As for 9...a5 I came to the conclusion that I should definitely not play 10.a4
because after 10...Nb4 - the main idea of the whole variation - to establish a
white knight on d5 will be unplayable. Black will simply capture Nf:d5 and
after e:d, Bf5 and White will be in trouble. At the same time White has to
prevent 10...a4, and 11...a3, so I decided to play "Ruy-Lopez" on the road to
f1.}) 10. Bb5 $1 {After the game I checked the good old books and that move
turned out to be the best theoretical move.} Ne8 $6 $146 (10... Be6 11. Bg5 Rc8
(11... h6 12. Bh4 Qb6 13. a4 g5 14. Bg3 Bxb3 15. cxb3 Nd4 {gave Black some
advantage in the game Xie Yun-Gaponenko, Yerevan Olympiad, 1996, but White's
play should not be difficult to improve...}) 12. Nd5 Bxd5 13. exd5 Nb4 14. c4
h6 15. Bd2 {led to an advantage for White in the game Yemelin-Bakhrark, St.
Petersburg Open, 1996}) 11. a4 $1 {Now - yes!} Nc7 12. Bf1 Be6 13. Be3 Bxb3 $6
14. cxb3 Na6 {I enjoyed myself a lot here. Black's plan looks attractive -
Ncb4, Rc8, Nc5, e6 and d5, etc., however it has but one drawback - it is
impossible to achieve. Have a look above at my game against Guy West!} 15. Re2
$1 Nc5 16. f3 Nb4 17. Rd2 Rc8 18. Bc4 Qd7 19. Qe2 Rfd8 20. Rad1 Qe8 21. f4 {
Until now I had spent about 15 minutes on the clock and that is small wonder
having in mind that I was just repeating myself against G. West. At the same
time Kharlov had about 15 minutes left only and looked completely dejected.
But as all chess players know it's one thing to have a winning position and
another thing to win it...} Nc6 22. Bf2 $6 ({Of course White had to play here} 
22. e5 {and Black cannot avoid the crush. I decided however not to hurry and
to try to win the game much rather by keeping the advantage instead of
pressing it home. White is threatening 23.Bh4 and 24.Nd5 and Black will soon
be in a complete zugzwang in the middle-game. Black can and should not wait
any more, so Kharlov came up with}) 22... e5 {This move looks like a typical
harakiri, and maybe it is, but it poses White a serious problem "Win please...
" I spent here almost an hour and at the end I decided to play something which
I did not like at all. I even considered my position to be worse after what I
chose, but the situation was so strenuous and so full of tension that I
decided to rely on the most substantial of all advantages - the material
advantage.} 23. Nb5 Nd4 24. Nxd4 exd4 25. Bh4 Rd7 ({The only move since the
"e4" pawn is untouchable:} 25... Nxe4 $2 26. Bxd8 Rxd8 27. Re1 d5 28. Bxd5) 26.
Bb5 {Good old "Ruy-Lopez" against people who are trying to play chess with
moves like 13...B:b3?} Rc6 $1 27. Re1 Nxb3 28. Rdd1 Rdc7 29. e5 {You have to
open files when you have extra rooks.} dxe5 30. fxe5 Qe6 $1 31. Bxc6 bxc6 32.
Bf6 $1 c5 $2 ({This is the position I had in mind when I played 23.Nb5. I saw
that Black cannot take} 32... Bxf6 33. exf6 Qxf6 {because of} 34. Qe8+ Kg7 35.
Qb8 {winning a piece.}) ({but I thought that after the obligatory} 32... Bf8 $1
{(preserving the defender) Black has an excellent compensation for the
exchange and a very easy game at that, even in a desperate time trouble ,by
just pushing c5 - c4 - c3 etc. watching carefully for tricks. The move Kharlov
played shows either desperation (quite unreasonable at that moment), or a time
trouble panic, or what was almost inconceivable - lack of understanding! A
good chess player should not allow Bg7 to be exchanged in such type of
position. The rest of the game is a good illustration of the principle "You
got what you bargained for".}) 33. Bxg7 Kxg7 34. Rf1 {White's plan now is very
easy - triple the heavy pieces on the "f" file and crush the black King.} c4
35. Qe4 $1 ({of course not} 35. Rf6 Qd5 $1) 35... d3 $2 (35... c3 {had more
venom.}) 36. Rf6 Qe7 37. Qf4 $1 d2 38. h4 Qc5+ $2 {Facilitates White's task
due to time trouble panic.} 39. Kh2 h6 40. Rf1 {picturesque position} Qe7 41.
e6 $1 fxe6 42. h5 g5 43. Qe5 Kg8 44. Rxh6 1-0

[Event "Ostrava"]
[Site "Ostrava"]
[Date "1991.??.??"]
[Round "2"]
[White "Bashkov, Viacheslav"]
[Black "Rechlis, Gad"]
[Result "1/2-1/2"]
[WhiteElo "2470"]
[BlackElo "2510"]
[Annotator "Ernst,T"]
[PlyCount "73"]
[EventDate "1991.09.??"]
[EventType "tourn"]
[EventRounds "9"]
[EventCountry "CZE"]
[EventCategory "9"]
[SourceTitle "CBM 026"]
[Source "ChessBase"]
[SourceDate "1992.02.01"]
[SourceVersion "1"]
[SourceVersionDate "1992.02.01"]
[SourceQuality "1"]

1. e4 c5 2. Nf3 Nc6 3. d4 cxd4 4. Nxd4 Nf6 5. Nc3 d6 6. Be2 g6 7. O-O Bg7 8.
Nb3 O-O 9. Bg5 a6 10. f4 b5 11. Bf3 b4 12. Na4 Qc7 13. Rc1 (13. Rf2 Rb8 14. c3
Na5 15. cxb4 Nxb3 16. Qxb3 Be6 17. Qc3 Qa7 18. Qe1 Bd7 19. Nc3 Rxb4 $10) 13...
a5 14. Re1 Ba6 15. c4 bxc3 16. Nxc3 Nb4 17. e5 Nd3 18. f5 (18. exf6 $4 Qa7+ $19
) 18... Nxe1 19. Qxe1 dxe5 20. Nd5 Qd6 21. Rd1 Nxd5 22. Bxd5 Qc7 23. fxg6 hxg6
24. Bxa8 Rxa8 25. Qxa5 Qxa5 26. Nxa5 Be2 27. Rd5 $1 e4 28. Bxe7 e3 29. Rd8+
Rxd8 30. Bxd8 Bxb2 31. Bb6 Bc1 32. Nb3 Bd2 33. Ba5 $1 {Erzwingt den Abtausch
des einen schwarzen Läufers.} Bxa5 34. Nxa5 f5 35. Nc6 Bb5 36. Ne7+ Kf7 37. Nd5
1/2-1/2

[Event "St Petersburg op"]
[Site "St Petersburg"]
[Date "1994.??.??"]
[Round "7"]
[White "Yemelin, Vasily"]
[Black "Yakovich, Yuri"]
[Result "1/2-1/2"]
[WhiteElo "2475"]
[BlackElo "2520"]
[Annotator "Ernst,T"]
[PlyCount "74"]
[EventDate "1994.02.??"]
[EventType "swiss"]
[EventRounds "9"]
[EventCountry "RUS"]
[SourceTitle "CBM 041"]
[Source "ChessBase"]
[SourceDate "1994.08.01"]
[SourceVersion "1"]
[SourceVersionDate "1994.08.01"]
[SourceQuality "1"]

1. e4 c5 2. Nf3 Nc6 3. d4 cxd4 4. Nxd4 Nf6 5. Nc3 d6 6. Be2 g6 7. O-O Bg7 8.
Nb3 O-O 9. Re1 a6 10. Bf1 b5 11. Bg5 (11. Nd5 Nd7 $1 12. c3 e6 13. Ne3 Nb6 $10
{Zagrebelnyj-Serper/57-215/1992/,Vujacic,B-Ristic,Nen/JUG-chT/1993/}) 11... Nd7
$1 (11... h6 12. Bh4 Ng4 13. h3 Nge5 14. a4 $14 {Chandler,M-Shirov,A/Hastings/
1991/}) (11... Bd7 12. a4 b4 13. Nd5 Nxd5 14. exd5 Ne5 $14 {Sinowjew,
J-Tischbierek,R/Dortmund op/1992/}) 12. Rb1 (12. Qc1 Nb6 $10 {Kramnik-Serper/
48/(292)/1989/}) (12. Qd2 Re8 13. Rad1 Nb6 14. Nc1 Bb7 15. Bh6 Bh8 $10 {
Geller,E-Serper,G/Helsinki op/1992/}) 12... Nb6 (12... Re8 $10) 13. Nd5 Bb7 $2
14. Na5 $1 Nxd5 (14... Nxa5 $2 15. Bxe7 Qd7 16. Bxf8 Bxd5 17. Bxg7 $18) 15.
Nxb7 Qc7 16. exd5 Ne5 17. f4 (17. Nxd6 exd6 $14) 17... f6 18. Bh4 Nf7 19. Nxd6
Nxd6 20. Bf2 Rfe8 21. Bd3 f5 22. Qf3 Nc4 $1 $44 23. Bxc4 Qxc4 24. Qb3 Rac8 25.
Qxc4 Rxc4 26. d6 Kf7 $1 27. d7 Rd8 28. Rbd1 Rc6 29. c3 Rd6 30. Bc5 R6xd7 31.
Rxe7+ Rxe7 32. Rxd8 Re1+ 33. Kf2 Ra1 34. Rd7+ Kg8 35. Rd8+ Kf7 36. Rd7+ Kg8 37.
Rd8+ Kf7 1/2-1/2

[Event "Dortmund op-A"]
[Site "Dortmund"]
[Date "1992.??.??"]
[Round "3"]
[White "Pekarek, Ales"]
[Black "Ernst, Thomas"]
[Result "1/2-1/2"]
[WhiteElo "2455"]
[BlackElo "2535"]
[Annotator "Ernst,T"]
[PlyCount "83"]
[EventDate "1992.04.??"]
[EventType "swiss"]
[EventRounds "11"]
[EventCountry "GER"]
[SourceTitle "CBM 029"]
[Source "ChessBase"]
[SourceDate "1992.08.01"]
[SourceVersion "1"]
[SourceVersionDate "1992.08.01"]
[SourceQuality "1"]

1. Nf3 c5 2. e4 d6 3. d4 cxd4 4. Nxd4 Nf6 5. Nc3 g6 6. h3 Bg7 7. Bc4 O-O 8. Bb3
a6 9. O-O b5 10. Re1 Bb7 11. a4 bxa4 (11... Nbd7 12. axb5 axb5 13. Rxa8 Qxa8
14. Ndxb5 Nxe4 15. Nxe4 Bxe4 16. Nc7 Qb7 $10 {Stoica - Martin Gonzales, Dubai 
(ol) 1986.}) 12. Bxa4 Qc7 13. Bg5 Nbd7 14. Bxd7 (14. Nd5 Nxd5 15. exd5 Nf6 16.
Nc6 e6 $1 $15) 14... Qxd7 15. Nb3 Rac8 16. Qd3 Qe6 17. Rad1 (17. Na5 $6 Ba8 18.
Qxa6 Nxe4 19. Nxe4 Bxe4 20. f3 Qf5 21. Bxe7 Bd4+ 22. Kh1 Bxf3 $19) 17... Nd7 $2
(17... Qc4 $10) 18. Nd5 $16 Rfe8 19. c3 Nc5 20. Nxc5 Rxc5 21. b4 Rcc8 22. c4
Bxd5 23. exd5 Qd7 24. Re4 $1 Qb7 25. Bd2 Qc7 26. Rc1 Bb2 27. Rc2 Be5 28. Re1 e6
$2 29. Rxe5 $1 $18 dxe5 30. d6 Qd7 31. c5 Rc6 32. Bg5 $2 (32. Ra2 Ra8 33. Qe4
$18) 32... f5 33. Ra2 e4 34. Qd4 Rb8 35. Bd2 Qg7 36. Qc4 Qe5 37. Rxa6 Qxd6 $1
$10 38. Bf4 Qxf4 39. Rxc6 Rxb4 $1 40. Qxb4 (40. Qxe6+ Kg7 41. Qe7+ Kh6 42. Qf8+
Kg5 $1 $10) 40... Qc1+ 41. Kh2 Qf4+ 42. Kg1 1/2-1/2